Comparison of irrigation system on chilly pepper yield in crop station at royal university of agriculture, ការប្រៀបធៀបប្រព័ន្ធស្រោចស្រពលើទិន្នផលម្ទេសដៃនាងនៅក្នុងស្ថានីយ៍ពិសោធន៍ដំណាំនៃសាកលវិទ្យាល័យភូមិន្ទកសិកម្ម (Record no. 1305)

000 -LEADER
fixed length control field 00767nam a22001337a 4500
040 ## - CATALOGING SOURCE
Transcribing agency RUA
082 ## - DEWEY DECIMAL CLASSIFICATION NUMBER
Classification number AGR BUT 2013 B057 Or.1
100 ## - MAIN ENTRY--AUTHOR NAME
Personal name BUT, SYNA.
245 ## - TITLE STATEMENT
Title Comparison of irrigation system on chilly pepper yield in crop station at royal university of agriculture, ការប្រៀបធៀបប្រព័ន្ធស្រោចស្រពលើទិន្នផលម្ទេសដៃនាងនៅក្នុងស្ថានីយ៍ពិសោធន៍ដំណាំនៃសាកលវិទ្យាល័យភូមិន្ទកសិកម្ម
260 ## - PUBLICATION, DISTRIBUTION, ETC. (IMPRINT)
Place of publication Phnom Penh
Name of publisher RUA
Year of publication 2013
300 ## - PHYSICAL DESCRIPTION
Number of Pages xi; 48p.
Other physical details ill.
Dimensions 29cm.
856 ## - ELECTRONIC LOCATION AND ACCESS
Uniform Resource Identifier https://drive.google.com/file/d/11qGEdiOLehfvoeTcQ7xVwscvRrWqJ0k6/view?usp=sharing
942 ## - ADDED ENTRY ELEMENTS (KOHA)
Koha item type AGR
952 ## - LOCATION AND ITEM INFORMATION (KOHA)
Withdrawn status [LOCAL, KOHA] 0
952 ## - LOCATION AND ITEM INFORMATION (KOHA)
Withdrawn status [LOCAL, KOHA] 0
952 ## - LOCATION AND ITEM INFORMATION (KOHA)
Withdrawn status [LOCAL, KOHA] 0
952 ## - LOCATION AND ITEM INFORMATION (KOHA)
Withdrawn status [LOCAL, KOHA] 0
952 ## - LOCATION AND ITEM INFORMATION (KOHA)
Withdrawn status [LOCAL, KOHA] 0
952 ## - LOCATION AND ITEM INFORMATION (KOHA)
Withdrawn status [LOCAL, KOHA] 0
952 ## - LOCATION AND ITEM INFORMATION (KOHA)
Withdrawn status [LOCAL, KOHA] 0
952 ## - LOCATION AND ITEM INFORMATION (KOHA)
Withdrawn status [LOCAL, KOHA] 0
952 ## - LOCATION AND ITEM INFORMATION (KOHA)
Withdrawn status [LOCAL, KOHA] 0
Holdings
Permanent Location Date acquired Koha item type Lost status Shelving location Barcode Current Location Full call number
Library Block B2015-09-26AGR B057RUA006232Library Block BAGR BUT 2013 B057 Or.1
Library Block B2015-09-26AGR B057RUA006071Library Block BAGR BUT 2013 B057 Or.2
Library Block B2015-09-26AGR B057RUA006356Library Block BAGR BUT 2013 B057 Or.3
Library Block B2015-09-26AGR B057RUA006847Library Block BAGR BUT 2013 B057 Or.4
Library Block B2015-09-26AGR B057RUA006633Library Block BAGR BUT 2013 B057 Or.5
Library Block B2015-09-26AGR B057RUA006216Library Block BAGR BUT 2013 B057 Or.6
Library Block B2015-09-26AGR B057RUA006357Library Block BAGR BUT 2013 B057 Or.7
Library Block B2019-01-21AGR B1.210A41772Library Block BAGR BUT 2013 B1.210 Or.2
Library Block B2019-01-21AGR B1.210A41847Library Block BAGR BUT 2013 B1.210 Or.1
មជ្ឈមណ្ឌលឯការនៃសាកលវិទ្យាល័យភូមិន្ទកសិកម្មចំការដូង

Powered by Koha